Catálogo
 En Linea

La administración de personal y su aplicación práctica en la empresa moderna / (Registro nro. 36975)

Detalles MARC
000 -CABECERA
campo de control de longitud fija 01226nam a2200193 a 4500
001 - NÚMERO DE CONTROL
campo de control 000037485
005 - FECHA Y HORA DE LA ÚLTIMA TRANSACCIÓN
campo de control 20200930080407.0
008 - DATOS DE LONGITUD FIJA--INFORMACIÓN GENERAL
campo de control de longitud fija 120420s1978 sp a 000 0 spa d
040 ## - FUENTE DE LA CATALOGACIÓN
Centro catalogador/agencia de origen DO-SdBNP
Lengua de catalogación spa
Centro/agencia transcriptor BNPHU
082 ## - NÚMERO DE LA CLASIFICACIÓN DECIMAL DEWEY
Número de clasificación xxxx
Número de documento/Ítem B562a, 1978
100 1# - ENTRADA PRINCIPAL--NOMBRE DE PERSONA
Nombre de persona Betancourt, Samuel Romero
9 (RLIN) 63928
245 13 - MENCIÓN DE TÍTULO
Título La administración de personal y su aplicación práctica en la empresa moderna /
Mención de responsabilidad, etc. Samuel Romero Betancourt.
250 ## - MENCIÓN DE EDICIÓN
Mención de edición 2a ed.
260 ## - PUBLICACIÓN, DISTRIBUCIÓN, ETC.
Lugar de publicación, distribución, etc. México :
Nombre del editor, distribuidor, etc. Editorial Continental,
Fecha de publicación, distribución, etc. 1978.
300 ## - DESCRIPCIÓN FÍSICA
Extensión 126 p. :
Otras características físicas il., diagrs., tablas ;
Dimensiones 23 cm.
500 ## - NOTA GENERAL
Nota general Incluye datos biográficos del autor en la contracubierta
505 0# - NOTA DE CONTENIDO CON FORMATO
Nota de contenido con formato La influencia de la administración técnica del personal en la empresa moderna --
Título Posiciones y funciones del departamento de personal --
-- El análisis de puestos operativos --
-- El análisis de puestos ejecutivos --
-- La valuación de puestos: antecedentes y el método de puntos --
-- Reclutamiento y selección técnica de personal --
-- Adiestramiento y capacitación de trabajadores --
-- Planeación de un programa de capacitacién para ejecutivos --
-- Calificación de méritos --
-- Las relaciones humanas en la empresa --
-- La motivación de los ejecutivos.
590 ## - NOTA LOCAL (RLIN)
Nota local Inventariado, 2019 /LP
Existencias
Estado de retiro Estado de pérdida Restricciones de uso No para préstamo Código de colección Localización permanente Ubicación/localización actual Ubicación en estantería Fecha de adquisición Número de inventario Total de préstamos Signatura topográfica completa Código de barras Fecha visto por última vez Precio válido a partir de Tipo de ítem Koha
      Excluido de préstamo Monografías: Libros y Folletos General General Depósito 20.04.2012 LF1   xxxx B562a, 1978 37485-10 25.06.2020 25.06.2020 No se presta

Con tecnología Koha